00546nam a22001817a 450000500170000001000150001702000260003203500140005803700090007208200160008110000170009724501030011425000060021726000420022327000610026530000210032670000170034720260408122306.0 aENG-148009 a9788199546141c999.00 aEN-131540 bDBAD 21a338.2728 aMishra,Manoj aChanging Dynamics of Us Tariff and Trade Policiecs: Repercussions for Indian ExportscManoj Mishra a1 aChhattisgarhbAditi Publicationc2026 aNear,Tiranga Chowk, Kushalpur, RaipurbIndiak9425210308 a286.pgc20cm(pg) aManoj Mishra